<?xml version="1.0" encoding="UTF-8"?>
<record
    xmlns:xsi="http://www.w3.org/2001/XMLSchema-instance"
    xsi:schemaLocation="http://www.loc.gov/MARC21/slim http://www.loc.gov/standards/marcxml/schema/MARC21slim.xsd"
    xmlns="http://www.loc.gov/MARC21/slim">

  <leader>01755nam a22002177a 4500</leader>
  <controlfield tag="005">20260219091609.0</controlfield>
  <controlfield tag="008">220119b           ||||| |||| 00| 0 eng d</controlfield>
  <datafield tag="020" ind1=" " ind2=" ">
    <subfield code="a">9789389648478</subfield>
  </datafield>
  <datafield tag="040" ind1=" " ind2=" ">
    <subfield code="c">AL</subfield>
  </datafield>
  <datafield tag="041" ind1=" " ind2=" ">
    <subfield code="a">eng</subfield>
  </datafield>
  <datafield tag="082" ind1=" " ind2=" ">
    <subfield code="2">23</subfield>
    <subfield code="a">820.33</subfield>
    <subfield code="b">MENI</subfield>
  </datafield>
  <datafield tag="100" ind1=" " ind2=" ">
    <subfield code="a">Gautam S Mengle</subfield>
    <subfield code="9">255662</subfield>
  </datafield>
  <datafield tag="245" ind1=" " ind2=" ">
    <subfield code="a">Intersections</subfield>
  </datafield>
  <datafield tag="260" ind1=" " ind2=" ">
    <subfield code="a">Chennai:</subfield>
    <subfield code="b">Westland Publications Pvt. Ltd.,</subfield>
    <subfield code="c">2020.</subfield>
  </datafield>
  <datafield tag="300" ind1=" " ind2=" ">
    <subfield code="a">iv,265 p.</subfield>
    <subfield code="b">PB</subfield>
    <subfield code="c">19x13 cm.</subfield>
  </datafield>
  <datafield tag="365" ind1=" " ind2=" ">
    <subfield code="2">General</subfield>
    <subfield code="a">4529</subfield>
    <subfield code="b">311.22</subfield>
    <subfield code="c">&#x20B9;</subfield>
    <subfield code="d">399.00</subfield>
    <subfield code="e">22%</subfield>
    <subfield code="f">22-12-2021</subfield>
  </datafield>
  <datafield tag="520" ind1=" " ind2=" ">
    <subfield code="a">It&#x2019;s been five years since the deadly Shivaji Park attack took five lives and changed those of countless others in Mumbai&#x2014;among them, Assistant Police Inspector Uday Mhatre. In the thick of things that day, he is now battling depression and alcoholism.
When a fire breaks out in a south Mumbai hotel, Mhatre&#x2014;posted with a special squad&#x2014;is the first to notice that a woman who was on the guest register is missing from the scene. Mhatre doggedly searches for her, but she appears to have vanished into thin air.
Meanwhile, the woman, known in her murky circles as only Chhaya, is planning an attack even more devastating than the Shivaji Park strike. In another part of the city, Rohit, a teenager recovering from his mother&#x2019;s violent suicide, gets more and more consumed by his forbidden romance with a junior college teacher. Mhatre, Chhaya and Rohit head inexorably towards their intertwined destinies, as the special squad races against time to unravel Chhaya&#x2019;s deadly plan.
Intersections is the story of three broken souls walking constantly intersecting paths&#x2014;and none of them will end up where they want to be.</subfield>
  </datafield>
  <datafield tag="650" ind1=" " ind2=" ">
    <subfield code="a">Indian English Fiction</subfield>
    <subfield code="9">13669</subfield>
  </datafield>
  <datafield tag="650" ind1=" " ind2=" ">
    <subfield code="a">Indian English Literature</subfield>
    <subfield code="9">13670</subfield>
  </datafield>
  <datafield tag="942" ind1=" " ind2=" ">
    <subfield code="2">ddc</subfield>
    <subfield code="c">BK</subfield>
  </datafield>
  <datafield tag="999" ind1=" " ind2=" ">
    <subfield code="c">221243</subfield>
    <subfield code="d">221243</subfield>
  </datafield>
  <datafield tag="952" ind1=" " ind2=" ">
    <subfield code="0">0</subfield>
    <subfield code="1">0</subfield>
    <subfield code="2">ddc</subfield>
    <subfield code="4">0</subfield>
    <subfield code="7">0</subfield>
    <subfield code="8">GEN</subfield>
    <subfield code="a">AL</subfield>
    <subfield code="b">AL</subfield>
    <subfield code="d">2021-12-30</subfield>
    <subfield code="e">Biblios Book Point, Surathkal-575014</subfield>
    <subfield code="g">311.22</subfield>
    <subfield code="l">8</subfield>
    <subfield code="o">820.33 MENI</subfield>
    <subfield code="p">075223</subfield>
    <subfield code="r">2024-03-09 00:00:00</subfield>
    <subfield code="s">2023-07-28</subfield>
    <subfield code="v">399.00</subfield>
    <subfield code="w">2022-01-19</subfield>
    <subfield code="y">BK</subfield>
  </datafield>
</record>
